Modern Communication (Record no. 329484)

000 -LEADER
fixed length control field nam a22 7a 4500
003 - CONTROL NUMBER IDENTIFIER
control field NUST
005 - DATE AND TIME OF LATEST TRANSACTION
control field 20170515174738.0
008 - FIXED-LENGTH DATA ELEMENTS--GENERAL INFORMATION
fixed length control field 170509b xxu||||| |||| 00| 0 eng d
040 ## - CATALOGING SOURCE
Original cataloging agency DLC
Language of cataloging DLC
Transcribing agency RCMS
082 ## - DEWEY DECIMAL CLASSIFICATION NUMBER
Classification number 621.38 DEG
100 ## - MAIN ENTRY--PERSONAL NAME
Personal name Degam
9 (RLIN) 242
245 ## - TITLE STATEMENT
Title Modern Communication
Remainder of title Course COM-1 & COM-2 AM and FM Communication Circuits
Statement of responsibility, etc. Degam
260 ## - PUBLICATION, DISTRIBUTION, ETC.
Place of publication, distribution, etc. USA
Name of publisher, distributor, etc. Technical Training Systems
300 ## - PHYSICAL DESCRIPTION
Extent 56,p:
Other physical details ill
Dimensions 24,cm.
538 ## - SYSTEM DETAILS NOTE
Display text Shelf # 15, Row # 6, Communication.
650 ## - SUBJECT ADDED ENTRY--TOPICAL TERM
Topical term or geographic name entry element Electrical Engineering
9 (RLIN) 208
856 ## - ELECTRONIC LOCATION AND ACCESS
Materials specified Table of Content Only
942 ## - ADDED ENTRY ELEMENTS (KOHA)
Source of classification or shelving scheme
Koha item type Book
Holdings
Withdrawn status Lost status Source of classification or shelving scheme Damaged status Not for loan Permanent Location Current Location Shelving location Date acquired Total Checkouts Full call number Barcode Date last seen Price effective from Koha item type
  Write Off       School of Interdisciplinary Engineering and Sciences (SINES) School of Interdisciplinary Engineering and Sciences (SINES) Write Off 05/09/2017   621.38 DEG RCMS002767-D 05/09/2017 05/09/2017 Book
© 2023 Central Library, National University of Sciences and Technology. All Rights Reserved.